000
00320 a2200145 4500
001
181645
020
_a
040
_c
Magnum
100
_a
Nosella, Maria de Lourdes Chagas Deiro
240
1
0
_a
As belas mentiras
_l
por
245
1
0
_a
As belas mentiras
362
0
_a
1899
697
_a
MAGNITO: PEDAGOGIA
942
_c
BK
999
_c
181645
_d
181645